000 00323nam a2200109Ia 4500
008 200302s9999 xx 000 0 und d
100 _aR. Wayne Mondy & Other
245 _aManagement Concepts, Practice, and Skills 6th ed.
260 _bLibrary of Congress Cataloging-in-Publication data
260 _c1993
300 _a673 P.,
999 _c2128
_d2128